| 000 | 00745nam a22002297a 4500 | ||
|---|---|---|---|
| 001 | 3369 | ||
| 003 | FISKH | ||
| 005 | 20240229135859.0 | ||
| 008 | 240229b cb ||||| |||| 00| 0 eng d | ||
| 040 |
_aFISK _beng _cFISK _dFISK |
||
| 050 | _aPZ7.H916625 | ||
| 082 | _a813.6 | ||
| 245 |
_aSeekers / _cHunter Erin |
||
| 260 |
_aNew York : _bHunter Erin, _c2009 |
||
| 300 |
_a293 pages : _billustrations, _c20 cm |
||
| 501 | _aO | ||
| 520 | _aThree young bears of different species--one black, one polar, and one grizzly--travel on a perilous quest to the Northern Lights, escorting a shape-shifting grizzly cub whose destiny will affect them all. | ||
| 521 | 8 |
_a840 _bO |
|
| 700 | _aErin Hunter | ||
| 942 |
_2ddc _cBK _n0 |
||
| 999 |
_c3369 _d3369 |
||